|
|
|
|
| LEADER |
03822nam a22005775i 4500 |
| 001 |
978-3-540-73731-5 |
| 003 |
DE-He213 |
| 005 |
20151204180346.0 |
| 007 |
cr nn 008mamaa |
| 008 |
100301s2007 gw | s |||| 0|eng d |
| 020 |
|
|
|a 9783540737315
|9 978-3-540-73731-5
|
| 024 |
7 |
|
|a 10.1007/978-3-540-73731-5
|2 doi
|
| 040 |
|
|
|d GrThAP
|
| 050 |
|
4 |
|a QH345
|
| 050 |
|
4 |
|a QD415-436
|
| 072 |
|
7 |
|a PSB
|2 bicssc
|
| 072 |
|
7 |
|a SCI007000
|2 bisacsh
|
| 082 |
0 |
4 |
|a 572
|2 23
|
| 245 |
1 |
0 |
|a Advances in Bioinformatics and Computational Biology
|h [electronic resource] :
|b Second Brazilian Symposium on Bioinformatics, BSB 2007, Angra dos Reis, Brazil, August 29-31, 2007. Proceedings /
|c edited by Marie-France Sagot, Maria Emilia M. T. Walter.
|
| 264 |
|
1 |
|a Berlin, Heidelberg :
|b Springer Berlin Heidelberg,
|c 2007.
|
| 300 |
|
|
|a XII, 177 p.
|b online resource.
|
| 336 |
|
|
|a text
|b txt
|2 rdacontent
|
| 337 |
|
|
|a computer
|b c
|2 rdamedia
|
| 338 |
|
|
|a online resource
|b cr
|2 rdacarrier
|
| 347 |
|
|
|a text file
|b PDF
|2 rda
|
| 490 |
1 |
|
|a Lecture Notes in Computer Science,
|x 0302-9743 ;
|v 4643
|
| 505 |
0 |
|
|a Selected Articles -- Automating Molecular Docking with Explicit Receptor Flexibility Using Scientific Workflows -- Gene Set Enrichment Analysis Using Non-parametric Scores -- Comparison of Simple Encoding Schemes in GA’s for the Motif Finding Problem: Preliminary Results -- Multi-Objective Clustering Ensemble with Prior Knowledge -- Biological Sequence Comparison Application in Heterogeneous Environments with Dynamic Programming Algorithms -- New EST Trimming Procedure Applied to SUCEST Sequences -- A Method for Inferring Biological Functions Using Homologous Genes Among Three Genomes -- Validating Gene Clusterings by Selecting Informative Gene Ontology Terms with Mutual Information -- An Optimized Distance Function for Comparison of Protein Binding Sites -- Comparing RNA Structures: Towards an Intermediate Model Between the Edit and the Lapcs Problems -- Evolving Phylogenetic Trees: A Multiobjective Approach -- Comparing Several Approaches for Hierarchical Classification of Proteins with Decision Trees -- High Efficiency on Prediction of Translation Initiation Site (TIS) of RefSeq Sequences -- Extended Abstracts -- Outlining a Strategy for Screening Non-coding RNAs on a Transcriptome Through Support Vector Machines -- Mapping Contigs onto Reference Genomes -- Molecular Dynamics Simulations of Cruzipains 1 and 2 at Different Temperatures -- Genetic Algorithm for Finding Multiple Low Energy Conformations of Poly Alanine Sequences Under an Atomistic Protein Model -- Cellular Fingerprints: A Novel Concept for the Integration of Experimental Data and Compound-Target-Pathway Relations (Extended Abstract) -- Identification of the Putative Class 3 R Genes in Coffea arabica from CafEST Database.
|
| 650 |
|
0 |
|a Life sciences.
|
| 650 |
|
0 |
|a Health informatics.
|
| 650 |
|
0 |
|a Database management.
|
| 650 |
|
0 |
|a Artificial intelligence.
|
| 650 |
|
0 |
|a Bioinformatics.
|
| 650 |
|
0 |
|a Biochemistry.
|
| 650 |
|
0 |
|a Computational biology.
|
| 650 |
1 |
4 |
|a Life Sciences.
|
| 650 |
2 |
4 |
|a Biochemistry, general.
|
| 650 |
2 |
4 |
|a Database Management.
|
| 650 |
2 |
4 |
|a Computational Biology/Bioinformatics.
|
| 650 |
2 |
4 |
|a Computer Appl. in Life Sciences.
|
| 650 |
2 |
4 |
|a Health Informatics.
|
| 650 |
2 |
4 |
|a Artificial Intelligence (incl. Robotics).
|
| 700 |
1 |
|
|a Sagot, Marie-France.
|e editor.
|
| 700 |
1 |
|
|a Walter, Maria Emilia M. T.
|e editor.
|
| 710 |
2 |
|
|a SpringerLink (Online service)
|
| 773 |
0 |
|
|t Springer eBooks
|
| 776 |
0 |
8 |
|i Printed edition:
|z 9783540737308
|
| 830 |
|
0 |
|a Lecture Notes in Computer Science,
|x 0302-9743 ;
|v 4643
|
| 856 |
4 |
0 |
|u http://dx.doi.org/10.1007/978-3-540-73731-5
|z Full Text via HEAL-Link
|
| 912 |
|
|
|a ZDB-2-SCS
|
| 912 |
|
|
|a ZDB-2-LNC
|
| 950 |
|
|
|a Computer Science (Springer-11645)
|